S7 Stationen (Karte Berliner Ortsteile) - Statistiken

Allgemein
  • Dieses Quiz wurde 24 mal gespielt
    22 seit der letzten Aktualisierung
  • Das Durchschnittsergebnis liegt bei 25 aus 29
Antworten auf der Karte
Die Antworten werden auf der Karte rot bzw. grün angezeigt, abhängig davon wie oft sie richtig erraten wurden.
 
Antwortstatistiken
Antwort % Korrekt
Alexanderplatz
100%
Bellevue
100%
Charlottenburg
100%
Friedrichstraße
100%
Hackescher Markt
100%
Hauptbahnhof
100%
Potsdam Hauptbahnhof
100%
Tiergarten
100%
Westkreuz
100%
Zoologischer Garten
100%
Grunewald
92%
Jannowitzbrücke
92%
Nikolassee
92%
Ostbahnhof
92%
Ostkreuz
92%
Savginyplatz
92%
Warschauer Straße
92%
Ahrensfelde
83%
Wannsee
83%
Friedrichsfelde Ost
75%
Griebnitzsee
75%
Lichtenberg
75%
Marzahn
75%
Nöldnerplatz
75%
Babelsberg
67%
Poelchaustraße
58%
Raoul-Wallenberg-Straße
58%
Springpfuhl
58%
Mehrower Allee
50%
Keine übereinstimmenden Quizze gefunden
Verteilung der Resultate
Anzahl Personen mit jedem Resultat
Perzentil nach korrekt beantworteten Fragen
Ihre Resultats-Entwicklung
Sie haben dieses Quiz seit der letzten Aktualisierung nicht gespielt